Fundamentals of celestial mechanics /

Bibliographic Details
Main Author: Danby, J. M. A.
Format: Book
Language:English
Published: Richmond, Va. : Willmann-Bell, 1992.
Edition:2nd ed., 3rd printing, corr. and enl.
Subjects:

MARC

Tag First Indicator Second Indicator Subfields
LEADER 00000cam a2200000Ia 4500
001 in00002784032
005 20151202172127.0
008 930617s1992 vaua b 001 0 eng d
020 |a 0943396204 
020 |a 9780943396200 
035 |a (OCoLC)ocm28285815 
035 |a (OCoLC)28285815 
040 |a CPO  |c CPO  |d CPA  |d GBVCP  |d TXA  |d UtOrBLW 
049 |a TXAM 
050 4 |a QB351  |b .D3 1992 
082 0 4 |a 521.1  |b D 1 
084 |a 39.23  |2 bcl 
100 1 |a Danby, J. M. A. 
245 1 0 |a Fundamentals of celestial mechanics /  |c J.M.A. Danby. 
250 |a 2nd ed., 3rd printing, corr. and enl. 
264 1 |a Richmond, Va. :  |b Willmann-Bell,  |c 1992. 
300 |a xii, 483 pages :  |b illustrations ;  |c 24 cm. 
336 |a text  |b txt  |2 rdacontent 
337 |a unmediated  |b n  |2 rdamedia 
338 |a volume  |b nc  |2 rdacarrier 
504 |a Includes bibliographical references (pages 469-476). 
500 |a Includes index. 
650 0 |a Celestial mechanics. 
948 |a cataloged  |b h  |c 2013/1/10  |d c  |e jolivare  |f 6:04:52 pm 
994 |a C0  |b TXA 
999 |a MARS 
999 f f |s efd226db-6b74-3f94-9b5f-28d3309f17f2  |i 1214fa92-67a6-300a-9c39-918be19bc90f  |t 0 
952 f f |p normal  |a Texas A&M University  |b College Station  |c Sterling C. Evans Library  |s Evans stk  |d Evans: Library Stacks  |t 0  |e QB351 .D3 1992  |h Library of Congress classification  |i unmediated -- volume  |m A14841657847 
998 f f |a QB351 .D3 1992  |t 0  |l Evans: Library Stacks